| Поле | Инд. | ПП | Название | Значение |
|---|---|---|---|---|
| Тип записи | a | |||
| Библиографический уровень | m | |||
| 001 | Контрольный номер | RU/IS/BASE/503150326 | ||
| 005 | Дата корректировки | 20221018120633.0 | ||
| 020 | a | ISBN | 978-5-396-00575-4 | |
| 084 | a | Индекс другой классификации/Индекс ББК | 22.38г(2)6 | |
| 090 | a | Полочн. индекс | 22.38г(2)6 | |
| x | Авторский знак | Г 70 | ||
| 100 | 1_ | a | Автор | Горобец Б. С. |
| q | Полное имя | Горобец Борис Соломонович | ||
| 245 | 10 | a | Заглавие | Ядерный реванш Советского Союза: Судьбы Героев, дважды Героев, трижды Героев ядерной эпопеи |
| c | Ответственность | предисловие А. А. Рухадзе | ||
| 260 | a | Место издания | Москва | |
| b | Издательство | Красанд | ||
| c | Дата издания | 2014 | ||
| 300 | a | Объем | 240 с. | |
| 336 | a | Термин вида содержания | Текст | |
| 337 | a | Термин типа средства | непосредственный | |
| 440 | _0 | a | Серия | Наука в СССР: Через тернии к звездам |
| v | N тома | № 26 | ||
| 504 | a | Библиография | Прил.: с. 192. - Список лит. источ.: с. 219. - Список сокр.: с. 227. - Имен. указ.: с. 230 | |
| 541 | 1_ | a | Номер заявки | 5217 |
| b | Заявитель | Черепанова В.Г. | ||
| c | Факультет/Кафедра/Подразделение | Кафедра ядерной физики | ||
| d | Дата заявки | 27.11.2015 | ||
| n | Количество экземпляров | 2 | ||
| 600 | 14 | a | Персоналии | Курчатов Игорь Васильевич |
| a | Персоналии | Харитон Юлий Борисович | ||
| a | Персоналии | Зельдович Яков Борисович | ||
| a | Персоналии | Щелкин Кирилл Иванович | ||
| a | Персоналии | Кикоин Исаак Константинович | ||
| a | Персоналии | Петросьянц Андраник Мелконович | ||
| a | Персоналии | Арцимович Лев Андреевич | ||
| a | Персоналии | Ландау Лев Давидович | ||
| a | Персоналии | Виноградов Александр Павлович | ||
| a | Персоналии | Капица Петр Леонидович | ||
| a | Персоналии | Славский Ефим Павлович | ||
| a | Персоналии | Ванников Борис Львович | ||
| a | Персоналии | Берия Лаврентий Павлович | ||
| 650 | 04 | a | Основная рубрика | история |
| a | Основная рубрика | история науки | ||
| a | Основная рубрика | наука | ||
| a | Основная рубрика | физика | ||
| a | Основная рубрика | ядерная физика | ||
| 653 | 0_ | a | Ключевые слова | XX век |
| a | Ключевые слова | Атомный проект СССР | ||
| a | Ключевые слова | водородная бомба | ||
| a | Ключевые слова | награды | ||
| a | Ключевые слова | научные исследования | ||
| a | Ключевые слова | научные открытия | ||
| a | Ключевые слова | новейшее время | ||
| a | Ключевые слова | премии | ||
| a | Ключевые слова | режимные объекты | ||
| a | Ключевые слова | репрессии | ||
| a | Ключевые слова | Россия | ||
| a | Ключевые слова | советская разведка | ||
| a | Ключевые слова | СССР | ||
| a | Ключевые слова | США | ||
| a | Ключевые слова | ядерное оружие (атомное оружие) | ||
| a | Ключевые слова | ядерное сдерживание | ||
| a | Ключевые слова | ядерные взрывы | ||
| a | Ключевые слова | ядерные испытания | ||
| a | Ключевые слова | ядерные реакторы | ||
| 720 | a | Наименование подборки | К юбилею А. Д. Сахарова | |
| e | Признак/вид подборки | Тематические подборки | ||
| 900 | a | Имя электронного ресурса | obl_Yadernyi revansh_Sudby | |
| x | Справочная информация | Обложка | ||
| 901 | t | Тип документа | m | |
| 952 | a | Тип литературы для КСУ ВШ | НАУ |